Elegí vivir: el accidente que marcó mi vida y el camino de mi rehabilitación

Guardat en:
Dades bibliogràfiques
Autor principal: García Palomer, Daniela (autor)
Format: Llibre
Idioma:espanyol
Publicat: Santiago, Chile Random House Mondadori 2004
Matèries:
Etiquetes: Afegir etiqueta
Sense etiquetes, Sigues el primer a etiquetar aquest registre!

MARC

LEADER 00000cam a2200000 a 4500
001 UCK2480
003 CL-VaPUC
005 20240822132031.0
008 050113e20040000CL |||||||||||||||||spa|d
999 |c 311996  |d 311994 
020 |a 9562581969 
040 |c Pontificia Universidad Católica de Valparaíso 
082 0 4 |a Ch863 GAR 2004  |2 21 
100 0 |a García Palomer, Daniela  |e autor  |9 490333 
245 1 0 |a Elegí vivir: el accidente que marcó mi vida y el camino de mi rehabilitación 
260 0 3 |a Santiago, Chile  |b Random House Mondadori  |c 2004 
300 |a 224 páginas 
583 |a last modification  |c 20160912 01:37:48  |k Rodrigo Vera 
650 0 |a Literatura chilena   |9 308278 
650 0 |a Accidentes  |9 351162 
650 0 |a Autosuperación   |9 463054 
650 7 |a TERAPIAS FISICAS  |2 CL-VaPUC  |9 313087 
942 |c BK  |2 ddc 
945 |d 20050113 00:00:00  |a cmena 
952 |0 0  |1 0  |2 ddc  |4 0  |6 CH_863_000000000000000_GAR_2004  |7 0  |8 A  |9 381775  |a BIBEDU  |b BIBEDU  |d 2019-11-21  |i 4814371  |o Ch863 GAR 2004  |p 4814371  |r 2019-11-21  |t 1  |w 2019-11-21  |y BK  |k LIT